[Event "Winnipeg TNT January op"]
[Site "Winnipeg CAN"]
[Date "2017.01.24"]
[Round "3.4"]
[White "Bince, Rolando"]
[Black "Clark, James"]
[Result "1-0"]
[WhiteElo "2099"]
[BlackElo "2077"]
[WhiteFideId "-1"]
[WhiteFideId "-1"]
[PlyCount "93"]
[GameId "2160767740940939"]
[EventDate "2017.01.10"]
[EventType "swiss"]
[EventRounds "4"]
[EventCountry "CAN"]

1. e4 c5 2. Nc3 e6 3. Nf3 a6 4. d4 cxd4 5. Nxd4 Qc7 6. g3 Nf6 7. Bg2 Be7 8. O-O O-O 9. Re1 d6 10. Be3 Bd7 11. f4 Nc6 12. a3 Rac8 13. Bf2 Rfd8 14. Nb3 Na5 15. Nxa5 Qxa5 16. Qe2 Bc6 17. b4 Qc7 18. Rac1 b5 19. Nb1 Qb7 20. Nd2 Nd7 21. Nb3 Nb6 22. Na5 Qb8 23. Bd4 e5 24. Be3 Bd7 25. c3 Nc4 26. Nxc4 Rxc4 27. f5 Rdc8 28. Bd2 Bc6 29. Qf2 Qb7 30. Qe2 Bd8 31. h4 Bb6+ 32. Kh2 f6 33. h5 h6 34. Qg4 Kf8 35. Qg6 Qf7 36. Qg4 d5 37. Bf1 dxe4 38. Bxc4 Qxc4 39. Qe2 Bd5 40. Qxc4 Rxc4 41. Be3 Bxe3 42. Rxe3 Ke7 43. g4 Kd6 44. Rd1 Rc8 45. Kg3 Kc6 46. Kf2 Ra8 47. Ke2 {and White won in 60.} 1-0

[Event "Winnipeg TNT January op"]
[Site "Winnipeg CAN"]
[Date "2017.01.24"]
[Round "3.4"]
[White "Einarsson, Ken"]
[Black "Trueman, Francis"]
[Result "1/2-1/2"]
[WhiteElo "1747"]
[BlackElo "1434"]
[WhiteFideId "-1"]
[WhiteFideId "-1"]
[PlyCount "59"]
[GameId "2160767908474944"]
[EventDate "2017.01.10"]
[EventType "swiss"]
[EventRounds "4"]
[EventCountry "CAN"]
[SourceTitle "EXT 2022"]
[Source "ChessBase"]
[SourceDate "2021.10.06"]
[SourceVersion "1"]
[SourceVersionDate "2021.10.06"]
[SourceQuality "1"]

1. d4 Nf6 2. c4 d6 3. Nc3 Nbd7 4. e4 e5 5. d5 a5 6. Nf3 g6 7. Be2 Bg7 8. O-O Nc5 9. Qc2 O-O 10. Be3 Re8 11. h3 h5 12. a3 a4 13. Bxc5 dxc5 14. Nxa4 Bd7 15. Nxc5 Bc8 16. Bd3 Nh7 17. Rad1 g5 18. Nh2 g4 19. hxg4 hxg4 20. Be2 Qg5 21. Qd2 Qh4 22. Qe3 Bh6 23. Qg3 Qxg3 24. fxg3 Be3+ 25. Kh1 Bxc5 26. Nxg4 Kg7 27. Nh2 Nf6 28. Bf3 Rh8 29. Rd3 Bg4 30. b4 1/2-1/2

[Event "Winnipeg TNT January op"]
[Site "Winnipeg CAN"]
[Date "2017.01.24"]
[Round "3.4"]
[White "Gannon, Keith"]
[Black "Letain, Cory"]
[Result "1/2-1/2"]
[WhiteElo "1603"]
[BlackElo "1725"]
[WhiteFideId "-1"]
[WhiteFideId "-1"]
[PlyCount "125"]
[GameId "2160767908474945"]
[EventDate "2017.01.10"]
[EventType "swiss"]
[EventRounds "4"]
[EventCountry "CAN"]
[SourceTitle "EXT 2022"]
[Source "ChessBase"]
[SourceDate "2021.10.06"]
[SourceVersion "1"]
[SourceVersionDate "2021.10.06"]
[SourceQuality "1"]

1. e4 e5 2. Nf3 Nf6 3. d3 Nc6 4. c3 d5 5. exd5 Nxd5 6. Be2 Bd6 7. Nbd2 O-O 8. O-O f5 9. Nc4 Be6 10. Nxd6 cxd6 11. Ng5 Qd7 12. Nxe6 Qxe6 13. Qb3 Nf4 14. Qxe6+ Nxe6 15. Bf3 Rf6 16. Bd5 Kh8 17. Bxe6 Rxe6 18. Bd2 Rae8 19. f3 d5 20. Rfe1 e4 21. dxe4 fxe4 22. fxe4 dxe4 23. Be3 a6 24. Rad1 Ne5 25. Re2 Nd3 26. b3 Rf8 27. Rf1 Ref6 28. Rxf6 gxf6 29. Bd4 Nc1 30. Rxe4 Nxa2 31. Re6 Kg7 32. Re7+ Rf7 33. Rxf7+ Kxf7 34. b4 Nc1 35. Kf1 Ke6 36. Ke1 Nb3 37. Be3 Kd5 38. Kd1 Kc4 39. Kc2 a5 40. bxa5 Nxa5 41. g4 Nc6 42. Bh6 Ne7 43. Bg7 f5 44. gxf5 Nxf5 45. Be5 Ne3+ 46. Kd2 Nf1+ 47. Ke2 Nxh2 48. Bxh2 Kxc3 49. Be5+ Kc4 50. Kf3 Kd5 51. Ba1 Ke6 52. Kg4 Kf7 53. Kh5 Kg8 54. Kh6 b6 55. Bd4 b5 56. Bc3 Kf7 57. Kxh7 Ke6 58. Kg6 Kd5 59. Kf5 Kc4 60. Bg7 b4 61. Ke4 b3 62. Ke3 b2 63. Bxb2 1/2-1/2

[Event "Winnipeg TNT January op"]
[Site "Winnipeg CAN"]
[Date "2017.01.24"]
[Round "3.4"]
[White "Goodman, Clifford"]
[Black "Prince, Colin"]
[Result "0-1"]
[WhiteElo "1611"]
[BlackElo "1898"]
[WhiteFideId "-1"]
[WhiteFideId "-1"]
[PlyCount "82"]
[GameId "2160767908474946"]
[EventDate "2017.01.10"]
[EventType "swiss"]
[EventRounds "4"]
[EventCountry "CAN"]
[SourceTitle "EXT 2022"]
[Source "ChessBase"]
[SourceDate "2021.10.06"]
[SourceVersion "1"]
[SourceVersionDate "2021.10.06"]
[SourceQuality "1"]

1. Nf3 Nf6 2. d4 c5 3. c4 cxd4 4. Nxd4 e5 5. Nb3 Nc6 6. Nc3 Be7 7. e4 d6 8. Be2 Be6 9. O-O O-O 10. f3 a5 11. a4 Nh5 12. Be3 Bg5 13. Qd2 Nf4 14. Rad1 Qf6 15. Kh1 Qg6 16. g3 Nh3 17. Bxg5 Nxg5 18. h4 Nh3 19. Kh2 Rad8 20. Rfe1 f5 21. Bf1 fxe4 22. Bxh3 Bxh3 23. Kxh3 Rxf3 24. Qg5 Qe6+ 25. Qg4 Qf7 26. Nxe4 Rxb3 27. Nxd6 Qg6 28. Qxg6 hxg6 29. Re2 Nd4 30. Nxb7 Rxb7 31. Rxe5 Kf7 32. Rxa5 Rxb2 33. Ra7+ Kg8 34. Re1 Nf5 35. Re4 Rd3 36. Rg4 Kh7 37. h5 Rdd2 38. hxg6+ Kh6 39. Rf4 Kxg6 40. Ra6+ Kg5 41. Rg4+ Kh5 0-1

[Event "Winnipeg TNT January op"]
[Site "Winnipeg CAN"]
[Date "2017.01.24"]
[Round "3.4"]
[White "Konara, Harshani"]
[Black "Magnusson, Saul"]
[Result "0-1"]
[WhiteElo "1916"]
[BlackElo "2072"]
[WhiteFideId "-1"]
[WhiteFideId "-1"]
[PlyCount "63"]
[GameId "2160767908474947"]
[EventDate "2017.01.10"]
[EventType "swiss"]
[EventRounds "4"]
[EventCountry "CAN"]
[SourceTitle "EXT 2022"]
[Source "ChessBase"]
[SourceDate "2021.10.06"]
[SourceVersion "1"]
[SourceVersionDate "2021.10.06"]
[SourceQuality "1"]

1. c4 g6 2. Nc3 Bg7 3. g3 c5 4. Bg2 Nc6 5. d3 d6 6. e3 Bf5 7. Nge2 Qd7 8. Nf4 Rb8 9. e4 Bg4 10. f3 Be6 11. Be3 Nf6 12. Qd2 O-O 13. O-O a6 14. Nxe6 fxe6 15. Bh6 Bxh6 16. Qxh6 Nd4 17. Bh3 Rf7 18. Qd2 Rbf8 19. Ne2 Nxe2+ 20. Qxe2 Ne8 21. f4 Ng7 22. a3 Qd8 23. Qe3 Qb6 24. b4 Qc7 25. Rab1 cxb4 26. Rxb4 e5 27. Rfb1 exf4 28. gxf4 Rxf4 29. Rxb7 Qa5 30. Rxe7 Qg5+ 31. Qg3 Qxe7 32. Bf5 0-1

[Event "Winnipeg TNT January op"]
[Site "Winnipeg CAN"]
[Date "2017.01.24"]
[Round "3.4"]
[White "Magyar, Peter"]
[Black "Piche, Zachary"]
[Result "0-1"]
[WhiteElo "1567"]
[BlackElo "1296"]
[WhiteFideId "-1"]
[WhiteFideId "-1"]
[PlyCount "138"]
[GameId "2160767908474948"]
[EventDate "2017.01.10"]
[EventType "swiss"]
[EventRounds "4"]
[EventCountry "CAN"]
[SourceTitle "EXT 2022"]
[Source "ChessBase"]
[SourceDate "2021.10.06"]
[SourceVersion "1"]
[SourceVersionDate "2021.10.06"]
[SourceQuality "1"]

1. d4 Nf6 2. Bf4 e6 3. Nf3 b6 4. e3 Bb7 5. Nbd2 Nc6 6. Be2 Be7 7. O-O O-O 8. c3 Nd5 9. Bg3 Na5 10. Ne5 c5 11. Ndc4 Nxc4 12. Bxc4 cxd4 13. cxd4 f6 14. Nf3 Rc8 15. Be2 Nc7 16. Rc1 Ne8 17. a3 Nd6 18. Bd3 Ne4 19. Rxc8 Qxc8 20. Qb1 f5 21. Rc1 Qe8 22. Be5 Qg6 23. Bg3 Nxg3 24. Ne5 Qg5 25. hxg3 f4 26. Bxh7+ Kh8 27. Ng6+ Kxh7 28. Nxf8+ Kg8 29. exf4 Qd5 30. f3 Qxd4+ 31. Kh2 Bxf8 32. Rd1 Qf2 33. Rf1 Qc5 34. Rc1 Qh5+ 35. Kg1 Bc5+ 36. Rxc5 Qxc5+ 37. Kh2 Qf5 38. Qd1 Qd5 39. Qe2 d6 40. g4 e5 41. Kg3 exf4+ 42. Kxf4 Qe5+ 43. Qxe5 dxe5+ 44. Kxe5 Kf7 45. g5 Kg6 46. Kf4 a5 47. g3 b5 48. Kg4 Bc8+ 49. Kf4 Kh5 50. g4+ Kh4 51. g6 Kh3 52. g5 Kh4 53. Ke5 Kxg5 54. f4+ Kxg6 55. Kd4 Kf5 56. Ke3 Ke6 57. Kd4 Kd6 58. b3 b4 59. axb4 axb4 60. Kc4 Be6+ 61. Kxb4 Bxb3 62. Kxb3 Kd5 63. f5 Ke5 64. Kc3 Kxf5 65. Kd3 g5 66. Ke2 Kg4 67. Kf2 Kh3 68. Kg1 g4 69. Kf2 Kh2 0-1

[Event "Winnipeg TNT January op"]
[Site "Winnipeg CAN"]
[Date "2017.01.24"]
[Round "3.4"]
[White "Remillard, John"]
[Black "Wolchock, Theo"]
[Result "0-1"]
[WhiteElo "1657"]
[BlackElo "1965"]
[WhiteFideId "-1"]
[WhiteFideId "-1"]
[PlyCount "76"]
[GameId "2160767908474950"]
[EventDate "2017.01.10"]
[EventType "swiss"]
[EventRounds "4"]
[EventCountry "CAN"]
[SourceTitle "EXT 2022"]
[Source "ChessBase"]
[SourceDate "2021.10.06"]
[SourceVersion "1"]
[SourceVersionDate "2021.10.06"]
[SourceQuality "1"]

1. d4 Nf6 2. Nf3 d5 3. Bf4 e6 4. e3 Be7 5. Bd3 O-O 6. O-O c5 7. c3 Nbd7 8. Nbd2 Nh5 9. Bg3 Nxg3 10. fxg3 f5 11. Qb1 Nf6 12. Ne5 Ne4 13. Bxe4 fxe4 14. Rxf8+ Qxf8 15. Qf1 Bf6 16. Ng4 b6 17. Qb5 Qe7 18. Nxf6+ gxf6 19. Rf1 Bd7 20. Qe2 e5 21. Qh5 c4 22. dxe5 fxe5 23. Qe2 Be6 24. g4 Rf8 25. Rxf8+ Qxf8 26. h4 Qg7 27. g5 Qg6 28. Kh2 b5 29. b4 Qf5 30. Kg3 d4 31. cxd4 c3 32. Nb3 Bxb3 33. axb3 exd4 34. exd4 Qd5 35. Kf4 a6 36. Ke3 Qxb3 37. Kxe4 c2 38. Kf5 Qf7+ 0-1

[Event "Winnipeg TNT January op"]
[Site "Winnipeg CAN"]
[Date "2017.01.24"]
[Round "3.4"]
[White "Rutter, Blair"]
[Black "Leaden, Bruce"]
[Result "1-0"]
[WhiteElo "2073"]
[BlackElo "1418"]
[WhiteFideId "-1"]
[WhiteFideId "-1"]
[PlyCount "50"]
[GameId "2160767908474951"]
[EventDate "2017.01.10"]
[EventType "swiss"]
[EventRounds "4"]
[EventCountry "CAN"]
[SourceTitle "EXT 2022"]
[Source "ChessBase"]
[SourceDate "2021.10.06"]
[SourceVersion "1"]
[SourceVersionDate "2021.10.06"]
[SourceQuality "1"]

1. c4 e6 2. g3 f5 3. Bg2 Nf6 4. Nc3 g6 5. d4 Bg7 6. Nf3 d5 7. Bg5 h6 8. Bd2 c6 9. cxd5 exd5 10. Ne5 Ne4 11. Nxg6 Bxd4 12. Nxe4 fxe4 13. Nxh8 Qf6 14. e3 Bxb2 15. Qh5+ Kd8 16. Nf7+ Kc7 17. Rb1 Be6 18. Nxh6 Nd7 19. Ng4 Bxg4 20. Qxg4 Ne5 21. Qf4 Qd6 22. O-O Rf8 23. Qh4 Rh8 24. Qg5 Nd3 25. Rxb2 a6 1-0

[Event "Winnipeg TNT January op"]
[Site "Winnipeg CAN"]
[Date "2017.01.31"]
[Round "4.4"]
[White "Czarny, Keith"]
[Black "Goodman, Clifford"]
[Result "1-0"]
[WhiteElo "1657"]
[BlackElo "1611"]
[WhiteFideId "-1"]
[WhiteFideId "-1"]
[PlyCount "49"]
[GameId "2160767908474953"]
[EventDate "2017.01.10"]
[EventType "swiss"]
[EventRounds "4"]
[EventCountry "CAN"]
[SourceTitle "EXT 2022"]
[Source "ChessBase"]
[SourceDate "2021.10.06"]
[SourceVersion "1"]
[SourceVersionDate "2021.10.06"]
[SourceQuality "1"]

1. Nf3 Nf6 2. c4 c5 3. g3 g6 4. Bg2 Bg7 5. O-O O-O 6. Nc3 d5 7. cxd5 Nxd5 8. Qb3 Nxc3 9. dxc3 Qc7 10. Rd1 Be6 11. Qa3 Na6 12. Bf4 Qb6 13. Ng5 Rab8 14. Nxe6 Qxe6 15. Bxb8 Rxb8 16. Rd2 b5 17. Rad1 h6 18. Rd8+ Rxd8 19. Rxd8+ Kh7 20. e3 b4 21. cxb4 cxb4 22. Qb3 Qxb3 23. axb3 Bxb2 24. Rc8 Kg7 25. Bb7 1-0

[Event "Winnipeg TNT January op"]
[Site "Winnipeg CAN"]
[Date "2017.01.31"]
[Round "4.4"]
[White "Green, Jim"]
[Black "Gannon, Keith"]
[Result "1-0"]
[WhiteElo "1862"]
[BlackElo "1603"]
[WhiteFideId "-1"]
[WhiteFideId "-1"]
[PlyCount "49"]
[GameId "2160767908474954"]
[EventDate "2017.01.10"]
[EventType "swiss"]
[EventRounds "4"]
[EventCountry "CAN"]
[SourceTitle "EXT 2022"]
[Source "ChessBase"]
[SourceDate "2021.10.06"]
[SourceVersion "1"]
[SourceVersionDate "2021.10.06"]
[SourceQuality "1"]

1. e4 c5 2. Nf3 d6 3. Bb5+ Bd7 4. Bxd7+ Nxd7 5. O-O Ngf6 6. Qe2 g6 7. Rd1 Bg7 8. c3 O-O 9. d4 cxd4 10. cxd4 a6 11. Nc3 Re8 12. e5 dxe5 13. dxe5 Ng4 14. e6 Bxc3 15. bxc3 Qa5 16. exd7 Red8 17. Qxe7 Qxc3 18. Bd2 Qf6 19. Bg5 Qxe7 20. Bxe7 Rxd7 21. Rxd7 Nh6 22. Rd8+ Rxd8 23. Bxd8 Nf5 24. Bf6 Ng7 25. Rc1 1-0

[Event "Winnipeg TNT January op"]
[Site "Winnipeg CAN"]
[Date "2017.01.31"]
[Round "4.4"]
[White "Konara, Harshani"]
[Black "Remillard, John"]
[Result "1-0"]
[WhiteElo "1916"]
[BlackElo "1657"]
[WhiteFideId "-1"]
[WhiteFideId "-1"]
[PlyCount "51"]
[GameId "2160767908474955"]
[EventDate "2017.01.10"]
[EventType "swiss"]
[EventRounds "4"]
[EventCountry "CAN"]
[SourceTitle "EXT 2022"]
[Source "ChessBase"]
[SourceDate "2021.10.06"]
[SourceVersion "1"]
[SourceVersionDate "2021.10.06"]
[SourceQuality "1"]

1. e4 c5 2. Nf3 e6 3. d4 a6 4. c3 Qc7 5. Be3 Nf6 6. Bd3 c4 7. Bc2 d5 8. e5 Nfd7 9. O-O Be7 10. Nbd2 f6 11. Bf4 fxe5 12. Nxe5 O-O 13. Qg4 Nf6 14. Qh3 Bd6 15. Ndf3 Nc6 16. Ng5 h6 17. Nxe6 Qe7 18. Bf5 Bxe5 19. dxe5 Bxe6 20. Bxe6+ Kh7 21. exf6 Rxf6 22. Bf5+ Kg8 23. Bg3 Raf8 24. Rae1 Qd8 25. Be6+ Kh7 26. Bh4 1-0

[Event "Winnipeg TNT January op"]
[Site "Winnipeg CAN"]
[Date "2017.01.31"]
[Round "4.4"]
[White "Leaden, Bruce"]
[Black "Boron, Anthony"]
[Result "0-1"]
[WhiteElo "1418"]
[BlackElo "2067"]
[WhiteFideId "-1"]
[WhiteFideId "-1"]
[PlyCount "67"]
[GameId "2160767908474956"]
[EventDate "2017.01.10"]
[EventType "swiss"]
[EventRounds "4"]
[EventCountry "CAN"]
[SourceTitle "EXT 2022"]
[Source "ChessBase"]
[SourceDate "2021.10.06"]
[SourceVersion "1"]
[SourceVersionDate "2021.10.06"]
[SourceQuality "1"]

1. e4 e6 2. d4 d5 3. e5 c5 4. Nf3 cxd4 5. Nxd4 Nc6 6. f4 Bc5 7. Bb5 Bd7 8. Bxc6 bxc6 9. Nb3 Bb6 10. Qe2 Nh6 11. Be3 Nf5 12. Bxb6 axb6 13. O-O c5 14. g4 Nh6 15. Nc3 Qh4 16. g5 Nf5 17. Rf3 Qg4+ 18. Qg2 Qxg2+ 19. Kxg2 Nh4+ 20. Kg3 Nxf3 21. Kxf3 h6 22. h4 hxg5 23. hxg5 Rh2 24. Rc1 d4 25. Kg3 Rh7 26. Ne4 Rxa2 27. Ra1 Rxa1 28. Nxa1 Rh1 29. Nb3 Rb1 30. Nd6+ Ke7 31. Nc4 b5 32. Ncd2 Rxb2 33. Nxc5 Rxc2 34. Nde4 0-1

[Event "Winnipeg TNT January op"]
[Site "Winnipeg CAN"]
[Date "2017.01.31"]
[Round "4.4"]
[White "Magnusson, Saul"]
[Black "Prince, Colin"]
[Result "1-0"]
[WhiteElo "2072"]
[BlackElo "1898"]
[WhiteFideId "-1"]
[WhiteFideId "-1"]
[PlyCount "99"]
[GameId "2160767908474958"]
[EventDate "2017.01.10"]
[EventType "swiss"]
[EventRounds "4"]
[EventCountry "CAN"]
[SourceTitle "EXT 2022"]
[Source "ChessBase"]
[SourceDate "2021.10.06"]
[SourceVersion "1"]
[SourceVersionDate "2021.10.06"]
[SourceQuality "1"]

1. d4 Nf6 2. c4 g6 3. Nc3 d6 4. e4 Bg7 5. Nf3 Nbd7 6. Be2 O-O 7. O-O c6 8. Be3 e5 9. Qd2 Re8 10. d5 Nc5 11. dxc6 Ncxe4 12. Nxe4 Nxe4 13. Qd5 Nc5 14. Bxc5 dxc5 15. Qxc5 bxc6 16. Qxc6 Bd7 17. Qd5 Qc7 18. Rad1 Bc6 19. Qc5 Bf8 20. Qe3 Qa5 21. a3 Rab8 22. b4 Qc7 23. c5 Ba8 24. Nd2 Qc6 25. Bf3 e4 26. Bg4 a5 27. Nb3 axb4 28. Bd7 Qc7 29. Bxe8 Rxe8 30. axb4 Qb7 31. Rd4 Bg7 32. Rc4 Qb5 33. Rfc1 Bd5 34. Nd4 Qa4 35. Qb3 Qa8 36. Nb5 Qc6 37. Nd6 Ra8 38. b5 Qd7 39. Qb4 Qe6 40. R4c2 e3 41. fxe3 Qxe3+ 42. Kh1 Ra2 43. Re1 Bc3 44. Qxc3 Qxc3 45. Rxc3 Rxg2 46. Ne4 Rg4 47. h3 Rf4 48. Kg1 Bxe4 49. Rxe4 Rxe4 50. c6 1-0

[Event "Winnipeg TNT January op"]
[Site "Winnipeg CAN"]
[Date "2017.01.31"]
[Round "4.4"]
[White "Trueman, Francis"]
[Black "Piche, Zachary"]
[Result "1-0"]
[WhiteElo "1434"]
[BlackElo "1296"]
[WhiteFideId "-1"]
[WhiteFideId "-1"]
[PlyCount "67"]
[GameId "2160767908474960"]
[EventDate "2017.01.10"]
[EventType "swiss"]
[EventRounds "4"]
[EventCountry "CAN"]
[SourceTitle "EXT 2022"]
[Source "ChessBase"]
[SourceDate "2021.10.06"]
[SourceVersion "1"]
[SourceVersionDate "2021.10.06"]
[SourceQuality "1"]

1. Nf3 Nf6 2. d3 d5 3. Nbd2 c5 4. c3 Nc6 5. g3 e6 6. Bg2 Bd6 7. O-O O-O 8. Re1 b5 9. e4 Bc7 10. Nf1 Bb7 11. Qc2 Bb6 12. e5 Nd7 13. h4 Bc7 14. Bf4 Qb8 15. Qe2 Ba6 16. d4 cxd4 17. cxd4 Qb6 18. Qc2 Rac8 19. Qd2 Qb7 20. b4 Bb6 21. g4 Rc7 22. g5 Rfc8 23. Ne3 Ne7 24. h5 Nf5 25. Nxf5 exf5 26. e6 Rc2 27. Qe3 fxe6 28. Qxe6+ Kh8 29. g6 Nf6 30. Ng5 Rf8 31. Nf7+ Rxf7 32. Qxf7 Rc8 33. Be5 h6 34. Bxf6 1-0

[Event "Winnipeg TNT January op"]
[Site "Winnipeg CAN"]
[Date "2017.01.31"]
[Round "4.4"]
[White "Valentino, Marcos"]
[Black "Bince, Rolando"]
[Result "1/2-1/2"]
[WhiteElo "2210"]
[BlackElo "2099"]
[WhiteFideId "-1"]
[WhiteFideId "-1"]
[PlyCount "131"]
[GameId "2160767908474961"]
[EventDate "2017.01.10"]
[EventType "swiss"]
[EventRounds "4"]
[EventCountry "CAN"]
[SourceTitle "EXT 2022"]
[Source "ChessBase"]
[SourceDate "2021.10.06"]
[SourceVersion "1"]
[SourceVersionDate "2021.10.06"]
[SourceQuality "1"]

1. Nf3 d5 2. d4 Nf6 3. g3 Bg4 4. Bg2 e6 5. O-O Nbd7 6. Nbd2 Bd6 7. c4 c6 8. Re1 O-O 9. e4 dxe4 10. Nxe4 Nxe4 11. Rxe4 Nf6 12. Re1 h6 13. Qb3 Qb6 14. Qxb6 axb6 15. Ne5 Bxe5 16. dxe5 Nd7 17. f4 h5 18. Be3 Ra6 19. h3 Bf5 20. Red1 Nc5 21. Bxc5 bxc5 22. Rd7 Rb6 23. Rd2 Ra8 24. Kh2 Rb4 25. Bf1 b5 26. a3 bxc4 27. Rc1 Rba4 28. Rxc4 Rxc4 29. Bxc4 Be4 30. Kg1 Rb8 31. Kf2 Bd5 32. Be2 g6 33. Bd1 Kf8 34. Ke3 Ke7 35. Kd3 Kd7 36. Kc3 Kc7 37. Bc2 Rb6 38. g4 hxg4 39. hxg4 Rb8 40. Rh2 Kb6 41. Rh7 Rb7 42. g5 Rc7 43. Bd3 Ra7 44. Bc2 Rc7 45. a4 Rb7 46. Rh8 Ka7 47. Rf8 Rc7 48. b3 Rb7 49. Rd8 Rc7 50. Bd3 Rb7 51. Bc4 Rc7 52. a5 Kb7 53. Bd3 Ka7 54. Rf8 Kb7 55. Bc4 Ka7 56. Rd8 Kb7 57. b4 cxb4+ 58. Kxb4 c5+ 59. Kc3 Bxc4 60. Kxc4 Ka6 61. Rb8 Kxa5 62. Rb5+ Ka6 63. Rxc5 Rd7 64. Rc6+ Kb7 65. Rc5 Rd8 66. Kc3 1/2-1/2

[Event "Winnipeg TNT January op"]
[Site "Winnipeg CAN"]
[Date "2017.01.31"]
[Round "4.4"]
[White "Wiebe, Isaac"]
[Black "Rutter, Blair"]
[Result "1-0"]
[WhiteElo "2196"]
[BlackElo "2073"]
[WhiteFideId "-1"]
[WhiteFideId "-1"]
[PlyCount "77"]
[GameId "2160767908474962"]
[EventDate "2017.01.10"]
[EventType "swiss"]
[EventRounds "4"]
[EventCountry "CAN"]
[SourceTitle "EXT 2022"]
[Source "ChessBase"]
[SourceDate "2021.10.06"]
[SourceVersion "1"]
[SourceVersionDate "2021.10.06"]
[SourceQuality "1"]

1. d4 e6 2. Nf3 d5 3. Bf4 Nf6 4. e3 c5 5. c3 Nc6 6. Nbd2 Bd6 7. Bg3 Bxg3 8. hxg3 Bd7 9. Bd3 Rc8 10. Ne5 Qe7 11. g4 h6 12. g5 Nxe5 13. dxe5 Ng8 14. Qg4 g6 15. O-O-O h5 16. Qf4 c4 17. Bc2 b5 18. g4 b4 19. Nb1 bxc3 20. Nxc3 Rb8 21. gxh5 gxh5 22. Nxd5 Qc5 23. Nf6+ Nxf6 24. Qxf6 Rg8 25. g6 fxg6 26. Bxg6+ Rxg6 27. Qxg6+ Kd8 28. Rxd7+ Kxd7 29. Qf7+ Kc6 30. Qxe6+ Kb7 31. Rxh5 c3 32. Qb3+ Ka8 33. Qxc3 Qb5 34. Kb1 Qf1+ 35. Qc1 Qd3+ 36. Ka1 Qd7 37. Qh1+ Qb7 38. Qxb7+ Kxb7 39. Kb1 1-0

[Event "Winnipeg TNT January op"]
[Site "Winnipeg CAN"]
[Date "2017.01.31"]
[Round "4.4"]
[White "Wolchock, Theo"]
[Black "Annakkage, Udaya"]
[Result "1-0"]
[WhiteElo "1965"]
[BlackElo "1667"]
[WhiteFideId "-1"]
[WhiteFideId "-1"]
[PlyCount "77"]
[GameId "2160767908474963"]
[EventDate "2017.01.10"]
[EventType "swiss"]
[EventRounds "4"]
[EventCountry "CAN"]
[SourceTitle "EXT 2022"]
[Source "ChessBase"]
[SourceDate "2021.10.06"]
[SourceVersion "1"]
[SourceVersionDate "2021.10.06"]
[SourceQuality "1"]

1. c4 Nf6 2. g3 e5 3. Bg2 Bc5 4. Nc3 c6 5. e3 O-O 6. Nge2 Re8 7. d4 exd4 8. exd4 Bb4 9. O-O d5 10. cxd5 Nxd5 11. Nxd5 cxd5 12. Nf4 Be6 13. Qb3 Qe7 14. Bxd5 Nc6 15. Nxe6 fxe6 16. Bxc6 bxc6 17. Bf4 Kh8 18. Rac1 Rac8 19. Rc4 Bd6 20. Bxd6 Qxd6 21. Qa4 Re7 22. Rfc1 Rec7 23. b4 h6 24. b5 cxb5 25. Qxb5 Rxc4 26. Rxc4 Rb8 27. Qe5 Rb1+ 28. Kg2 Qxe5 29. dxe5 Rb7 30. Rc6 Re7 31. Kf3 Kg8 32. a4 Kf7 33. a5 Rd7 34. a6 Ke7 35. Ke4 Rd8 36. Rc7+ Rd7 37. Rxd7+ Kxd7 38. f4 g6 39. g4 1-0

[Event "Winnipeg TNT March op"]
[Site "Winnipeg CAN"]
[Date "2017.03.07"]
[Round "1"]
[White "Clark, Jeff"]
[Black "Gannon, Keith"]
[Result "1/2-1/2"]
[WhiteElo "2049"]
[BlackElo "1593"]
[WhiteFideId "-1"]
[WhiteFideId "-1"]
[PlyCount "93"]
[GameId "2160767908478195"]
[EventDate "2017.03.07"]
[EventType "swiss"]
[EventRounds "4"]
[EventCountry "CAN"]
[SourceTitle "EXT 2022"]
[Source "ChessBase"]
[SourceDate "2021.10.06"]
[SourceVersion "1"]
[SourceVersionDate "2021.10.06"]
[SourceQuality "1"]

1. e4 e5 2. Nf3 d6 3. d4 exd4 4. Nxd4 Nf6 5. Nc3 Bd7 6. Bd3 Nc6 7. Nxc6 Bxc6 8. Qe2 a6 9. O-O Be7 10. Bg5 O-O 11. Be3 Nd7 12. Nd5 Ne5 13. f4 Nxd3 14. Qxd3 Bxd5 15. exd5 Bf6 16. c3 Qd7 17. Rf2 Qb5 18. Rd1 Qxd3 19. Rxd3 Rfe8 20. Kf1 g6 21. Bd4 Bxd4 22. Rxd4 f5 23. Re2 Rxe2 24. Kxe2 Re8+ 25. Kf2 Kf7 26. g3 h5 27. Rc4 Re7 28. Rb4 b6 29. Ra4 a5 30. Rd4 Kf6 31. a4 g5 32. Rc4 g4 33. b4 axb4 34. cxb4 Kf7 35. a5 bxa5 36. bxa5 Ke8 37. a6 Kd7 38. Rc6 Kc8 39. Rc4 Kb8 40. Ra4 Ka7 41. Kf1 Re3 42. Rc4 Re7 43. Rc6 Kb8 44. Rc4 Ka7 45. Rc6 Kb8 46. Rc4 Ka7 47. Rc6 1/2-1/2

[Event "Winnipeg TNT March op"]
[Site "Winnipeg CAN"]
[Date "2017.03.07"]
[Round "1"]
[White "Goodman, Clifford"]
[Black "Baron, Gustav"]
[Result "0-1"]
[WhiteElo "1633"]
[BlackElo "2110"]
[WhiteFideId "-1"]
[WhiteFideId "-1"]
[PlyCount "70"]
[GameId "2160767908478196"]
[EventDate "2017.03.07"]
[EventType "swiss"]
[EventRounds "4"]
[EventCountry "CAN"]
[SourceTitle "EXT 2022"]
[Source "ChessBase"]
[SourceDate "2021.10.06"]
[SourceVersion "1"]
[SourceVersionDate "2021.10.06"]
[SourceQuality "1"]

1. d4 Nf6 2. c4 e6 3. Nf3 b6 4. g3 Ba6 5. b3 Bb4+ 6. Bd2 Qe7 7. Bg2 Bb7 8. O-O Bxd2 9. Nbxd2 d6 10. Re1 Nbd7 11. e4 e5 12. d5 a5 13. a3 O-O 14. b4 Rfe8 15. Qc2 axb4 16. axb4 Rxa1 17. Rxa1 Ra8 18. Rxa8+ Bxa8 19. Qa4 Qd8 20. Qa7 Qb8 21. Qxb8+ Nxb8 22. Ne1 Bb7 23. Bh3 Ba6 24. b5 Bb7 25. Nd3 Nfd7 26. f4 f6 27. Bxd7 Nxd7 28. f5 Kf7 29. g4 Nf8 30. Kg2 Bc8 31. Kg3 Bd7 32. h4 g6 33. Ne1 h5 34. gxh5 gxf5 35. Nef3 f4+ 0-1

[Event "Winnipeg TNT March op"]
[Site "Winnipeg CAN"]
[Date "2017.03.07"]
[Round "1"]
[White "Konara, Harshani"]
[Black "Ford, Stephen"]
[Result "1-0"]
[WhiteElo "1905"]
[BlackElo "1555"]
[WhiteFideId "-1"]
[WhiteFideId "-1"]
[PlyCount "61"]
[GameId "2160767908478197"]
[EventDate "2017.03.07"]
[EventType "swiss"]
[EventRounds "4"]
[EventCountry "CAN"]
[SourceTitle "EXT 2022"]
[Source "ChessBase"]
[SourceDate "2021.10.06"]
[SourceVersion "1"]
[SourceVersionDate "2021.10.06"]
[SourceQuality "1"]

1. e4 e5 2. Nf3 Nc6 3. Bb5 a6 4. Ba4 d6 5. d3 Nf6 6. O-O Be7 7. c3 O-O 8. Nbd2 Re8 9. Re1 Bd7 10. Nf1 Bf8 11. Bg5 h6 12. Be3 Ng4 13. Bd2 b5 14. Bb3 Be6 15. h3 Bxb3 16. axb3 Nf6 17. Qc1 Nh7 18. Ng3 Ne7 19. Nh4 Ng6 20. Nhf5 Re6 21. f4 exf4 22. Bxf4 Nxf4 23. Qxf4 Qg5 24. Qf2 Ree8 25. Rf1 Qg6 26. Nh4 Qe6 27. b4 Be7 28. Nhf5 Nf6 29. Nh5 Bf8 30. Nxh6+ gxh6 31. Nxf6+ 1-0